opac header image

Discrimination and delegation (Record no. 18697)

MARC details
000 -LEADER
fixed length control field 00468nam a22001817a 4500
005 - DATE & TIME
control field 20260415185631.0
008 - FIXED-LENGTH DATA ELEMENTS--GENERAL INFORMATION
fixed length control field 260415b2023 |||||||| |||| 00| 0 eng d
020 ## - ISBN
International Standard Book Number 9780197753385
040 ## - CATALOGING SOURCE
Original cataloging agency NLUO
041 ## - LANGUAGE
Language English
082 ## - DDC NUMBER
Classification number 325.21
Book Number ABD/DIS
100 ## - MAIN ENTRY--PERSONAL NAME
Personal name Abdelaaty, Lamis Elmy
245 ## - TITLE STATEMENT
Title Discrimination and delegation
Statement of responsibility, etc. by Lamis Elmy Abdelaaty.
260 ## - PUBLICATION, DISTRIBUTION, ETC. (IMPRINT)
Place of publication, distribution, etc USA :
Name of publisher, distributor, etc Oxford,
Date of publication, distribution, etc 2023.
300 ## - PHYSICAL DESCRIPTION
Pages 233 p.
650 ## - SUBJECT
Subject Political Science.
942 ## - ADDED ENTRY ELEMENTS (KOHA)
Koha item type Book
Holdings
Withdrawn status Lost status Source of classification or shelving scheme Damaged status Not for loan Location (home branch) Sublocation or collection (holding branch) Date acquired Koha issues (times borrowed) Koha full call number Barcode (Accession No.) Koha date last seen Price effective from Koha item type
    Dewey Decimal Classification     NLUO NLUO 15/04/2026   325.21 ABD/DIS 15885 15/04/2026 15/04/2026 Book

Find us on the map

Contact Us

Naraj Rd, Sector 13,
Cuttack,
Odisha - 753 015.
Email : __ADD_DATA__
Phone : +91-(671)-233-8018